000 04822cam a2200973 4500
008 021216n2002 000 0 eng u
020 _a1842191187
035 _a(Sirsi) u120773
050 _a711.58
_c18
110 _aUnited Nations Economic Commission for Europe
_93440
245 _a9th conference on urban and regional research : sustainable and livable cities 9 - 19 June 2002 Leeds, United Kingdom: conference proceedings
260 _aLondon
_bRICS Foundation
_c2002
300 _a246p.
_c30cm.
505 _aUrban sociecty and economy : towards social equity through effective planning policies and tools : a behavioural perspective
505 _aImproving urban performance : urban structure and ecosystems
505 _aGovernance and urban organisation : integrated decision-making
505 _aUrban society, economics and equity : understanding of a sustainable society
505 _aUrban society and economy : achiving social equity through effective planning policies and tools
505 _aGyumri city redevelopment
505 _aThe method for the sustainable development of the cities in complicated natural and climatic conditions : the information aspect
505 _aEnhancing decision-making for sprawl monitoring and control using transportation master planning
505 _aUnited Kingdom response paper
505 _aImproving urban performance : urban structure and ecosystems
505 _aImproving urban performance : urban structure and ecosystems
505 _aThe role of revitalisation in meeting housing needs of a society
505 _aIssues of land use and development in the metropolitan region of Budapest
505 _aAchievement of sustainable city development in the Russian Federation based on application of new transportation technologies
505 _aImproving urban performance : urban structure and ecosystems
505 _aGovernance and urban organisation : integrated decision making : restructuring and policy for the cities
505 _aNew Moscow city master plan as an instruments of long-term planning
505 _aPolicy for provision of sustainable and liveable settlements in the Republic of Macedonia
505 _aLand use planning in Cyrpus and sustainable development : problems, challenges and opportunities
505 _aInstitutional solutions and transitional processes : regions-spatial organisation missing models
505 _aUrban society and economy : achieving social equity through effective planning policies and tools
505 _aImproving quality of housing and urban environment in Greece
505 _aGovernance and urban organisation : networking and integrated area-based approaches in Danish urban policy
505 _aGovernanance of urban organisation : integrated decision making
505 _aImproving urban performance : urban structure and ecosystems
505 _aPlanning policies to reduce the need to travel : opportunities and barriers
505 _aAn assessment of integration between transport and land use decision making in England
520 _aView a report on the conference, photographs, summary paper and three discussion papers at www.unece.org.
650 _aCITIES
650 _aSUSTAINABLE DEVELOPMENT
650 _aURBAN DEVELOPMENT
650 _aURBAN REGENERATION
690 _aDEVELOPMENT-SUSTAINABLE
700 _aFell, David
700 _aStorchevus, Vladimir
700 _aBudisteanu, Ileana
700 _aSkovbro, Anne
700 _aQuerrien, Anne
700 _aElander, Ingemar
700 _aRoskoshnaya, Tatiana
700 _aFinka, Maros
700 _aKhachatryan, Kamo
700 _aKoff, K. L.
700 _aKrivov, A. S.
700 _aKolegov, S. A.
700 _aOreviceanu, Monica
700 _aGarcia Art, Marta
700 _aRodriguez Augustin, Carmen
700 _aRistic, Svetlana
700 _aMatkowski, Rysard
700 _aTompai, Geza
700 _aStorchevus, Vladimir
700 _aDerevenec, Peter
700 _aOostrom, Matthe van
700 _aKorotaev, Vladimir
700 _aPashkov, Dmitry
700 _aTkachenki, Lyudmila
700 _aCavdarova, Valentina
700 _aKyriakides, Michael
700 _aMilovanovic, Dobrica
700 _aTrifunovic, Veroljub
700 _aBamford, Stephanie J.
700 _aGarrard, Angela
700 _aKaperoni-Blesiov, Panagiota
700 _aLarsen, Jacob Novig
700 _aNiznansky, Viktor
700 _aSkovbro, Anne
700 _aStead, Dominic
856 _uhttps://www.unece.org/env/hs/conference/welcome.htm
_zView the conference report, photographs, summary paper and three of the discussion papers on the United National Economic Commission for Europe website...
942 _n0
999 _c102564
_d102564